| 000 | 01047njm a22002657a 4500 | ||
|---|---|---|---|
| 005 | 20100916155420.0 | ||
| 006 | a|||||r|||||00| 0 | ||
| 007 | sd ammalaaahaa | ||
| 008 | 100915t xxu||||| |||| 00| 0 eng d | ||
| 028 |
_aEAHA.1003 _bODEON |
||
| 035 | _aGR-03020 | ||
| 040 |
_aSED _cSED |
||
| 100 |
_917455 _aMullick, Pankaj |
||
| 245 |
_aAaj apni mehnaton ka - Doctor / _cby Pankaj Mullick _h[sound recording] : |
||
| 246 | _aआज अपनी मेहनतों का - डॉक्टर /पंकज मुल्लिच्क द्वारा | ||
| 260 |
_aDum Dum, India _bREGAL _c1962 |
||
| 300 |
_a1 sound disc [Gramophone Recording]: _banalog, 33 1/3 rpm _c12 in. (LP) _fGramophone Record |
||
| 500 | _aBrief Record | ||
| 500 | _aRecord labels :ODEON,Black | ||
| 505 | _aSide-2 yeh raaten yeh mousam - Geet (Pankaj Mullick) | ||
| 600 | _2Mullick, Pankaj | ||
| 650 |
_aFilm songs _zIndia _91186 _xExcerpts |
||
| 942 |
_2ddc _cGR |
||
| 999 |
_c46308 _d46308 |
||